000 00867nam a2200265Ia 4500
999 _c53923
_d53923
001 20974
003 GE_BSU
005 20210702153345.0
008 181216s2001||||enk|||||||||||||| ||eng||
020 _a9780781729895
040 _cGE_BSU
080 _a616.8 S-69
100 _aSnell, Richard S.
_910310
245 _aClinical Neuroanatomy :
_bAReview with Questions and Explanations /
_cRichard S. Snell ; Editor Rob anthony.
250 _a3rd Edition
264 _aPhiladelpia :
_bLippincott Williams & Wilkins,
_c2001.
300 _a256 p. ;
_c27cm.
541 _h102gel
653 _aClinical Neuroanatomy
653 _aКлиническая нейроанатомия
653 _aკლინიკური ნეიროანატომია
653 _aმედიცინა
700 _aanthony, Rob
_eEditor
_912175
942 _cBK
_2udc